Detalles MARC
| 000 -CABECERA |
| campo de control de longitud fija |
01116nam a2200265 a 4500 |
| 001 - NÚMERO DE CONTROL |
| campo de control |
000023852 |
| 005 - FECHA Y HORA DE LA ÚLTIMA TRANSACCIÓN |
| campo de control |
20240529124643.0 |
| 008 - DATOS DE LONGITUD FIJA--INFORMACIÓN GENERAL |
| campo de control de longitud fija |
110114s1976 ag r 000 f spa d |
| 040 ## - FUENTE DE LA CATALOGACIÓN |
| Centro catalogador/agencia de origen |
DO-SdBNP |
| Lengua de catalogación |
spa |
| Centro/agencia transcriptor |
BNPHU |
| 041 17 - CÓDIGO DE LENGUA |
| Código de lengua del texto/banda sonora o título independiente |
spa |
| Código de lengua original |
por |
| Fuente del código |
Código de idioma MARC |
| 082 ## - NÚMERO DE LA CLASIFICACIÓN DECIMAL DEWEY |
| Número de clasificación |
B869.3 |
| Número de documento/Ítem |
C331c |
| 049 ## - FONDOS LOCALES (OCLC) |
| Fondos de biblioteca |
BNGR |
| 100 1# - ENTRADA PRINCIPAL--NOMBRE DE PERSONA |
| Nombre de persona |
Carvalho, José Cândido de, |
| Fechas asociadas al nombre |
1914-1989. |
| 9 (RLIN) |
49064 |
| 240 10 - TÍTULO UNIFORME |
| Título uniforme |
O coronel e o lobisomem |
| Lenguaje de la obra |
Español. |
| 245 10 - MENCIÓN DE TÍTULO |
| Título |
El coronel y el lobisón : |
| Resto del título |
memorias del oficial superior de la guardia nacional Ponciano de Azeredo Furtado, natural de la Plaza de Campos dos Goitacazes / |
| Mención de responsabilidad, etc. |
José Cândido de Carvalho ; traducción, prólogo y notas de Haydée M. Jofre Barroso. |
| 260 ## - PUBLICACIÓN, DISTRIBUCIÓN, ETC. |
| Lugar de publicación, distribución, etc. |
Buenos Aires, (Argentina) : |
| Nombre del editor, distribuidor, etc. |
Editorial Sudamericana, |
| Fecha de publicación, distribución, etc. |
[1976]. |
| 300 ## - DESCRIPCIÓN FÍSICA |
| Extensión |
386, [1] p. : |
| Otras características físicas |
il. ; |
| Dimensiones |
18 cm. |
| 490 1# - MENCIÓN DE SERIE |
| Mención de serie |
Horizonte |
| 534 ## - NOTA SOBRE LA VERSIÓN ORIGINAL |
| Encabezamiento principal del original |
Título original en portugués: |
| Mención de título del original |
O coronel e o lobisomem |
| 650 #0 - PUNTO DE ACCESO ADICIONAL DE MATERIA--TÉRMINO DE MATERIA |
| Término de materia o nombre geográfico como elemento de entrada |
Novela brasileña |
| 9 (RLIN) |
13650 |
| 650 #4 - PUNTO DE ACCESO ADICIONAL DE MATERIA--TÉRMINO DE MATERIA |
| Término de materia o nombre geográfico como elemento de entrada |
Literatura brasileña |
| 9 (RLIN) |
823 |
| 600 14 - PUNTO DE ACCESO ADICIONAL DE MATERIA--NOMBRE DE PERSONA |
| Nombre de persona |
AZEREDO FURTADO, PONCIANO DE |
| 9 (RLIN) |
49065 |
| 700 1# - PUNTO DE ACCESO ADICIONAL--NOMBRE DE PERSONA |
| Nombre de persona |
Jofré Barroso, Haydée |
| Término indicativo de función/relación |
tr. |
| 9 (RLIN) |
49066 |
| 830 #0 - PUNTO DE ACCESO ADICIONAL DE SERIE-TÍTULO UNIFORME |
| Título uniforme |
Horizonte |
| 9 (RLIN) |
11053 |